| 000 | 00609nam a22001937a 4500 | ||
|---|---|---|---|
| 003 | 0 | ||
| 005 | 20250911111741.0 | ||
| 008 | 250911b xxu||||| |||| 00| 0 eng d | ||
| 020 | _a978-1-64728-566-1 | ||
| 050 |
_aHD 62.15 _b.H55 2024 |
||
| 100 |
_aHill, Barry, _eauthor. |
||
| 245 |
_aQuality management essentials / _cBarry Hill. |
||
| 260 |
_aForest Hill, NY : _bWillford Press, _c2024. |
||
| 300 |
_aviii, 238 pages : _bcolored illustrations ; _c26 cm. |
||
| 504 | _aIncludes bibliographical references and index. | ||
| 650 | _aTotal quality management. | ||
| 650 | _aQuality control. | ||
| 942 |
_2lcc _cBK |
||
| 999 |
_c367881 _d367881 |
||